000 00740nab a2200229 u 4500
001 08635
003 HDC
007 cr bn ---aaaaa
008 210130c2012 my dr|nes 0 a may d
040 _aHDC
245 0 _aMatrade Sertai 136 Promosi
260 _aKuala Lumpur :
_bThe New Straits Times Press (M) Bhd.,
_c2012
336 _atext
_2rdacontent
337 _acomputer
_2rdamedia
338 _aonline resource
_2rdacarrier
650 _aEconomic sector
_98398
650 _aGlobal trade
_99115
856 _zRequest full-text at [email protected]
942 _2lcc
942 _cNEWS
942 _kNWSC 002388
999 _c5958
_d5958